Les époux des souverains européens en 1900 - Statistiques

Statistiques générales
  • Ce quiz a été pris 11 fois
  • Le résultat moyen est 2 sur 18
Statistiques - réponses
Epoux/Epouse Souverain/Souveraine % Correct
Alix de Hesse-Darmstadt Nicolas II de Russie
63%
Elisabeth en Bavière (+) François Joseph d'Autriche
50%
Augusta-Victoria de Schleswig-Holstein-Sonderbourg-Augustenbourg Guillaume II d'Allemagne
25%
Louise de Hesse-Cassel Christian IX de Danemark
13%
Marie-Louise de Bourbon-Parme Ferdinand 1er de Bulgarie
13%
Olga Constantinovna de Russie Georges 1er de Grèce
13%
Marguerite de Savoie Humbert 1er d'Italie
13%
Marie-Henriette de Habsbourg-Lorraine Léopold II de Belgique
13%
Sophie de Nassau Oscar II de Suède
13%
Albert de Saxe-Cobourg (+) Victoria d'Angleterre
13%
Adélaïde d'Anhalt-Dessau Adolphe de Luxembourg
0%
Draga Masin Alexandre 1er de Serbie
0%
Marie-Eugènie de Battenberg Alphonse XIII d'Espagne
0%
Elisabeth de Wied Carol 1er de Roumanie
0%
Amélie d'Orléans Charles 1er de Portugal
0%
Emma de Waldeck-Pyrmontk Guillaume III des Pays Bas
0%
Milena Vukotic Nicolas 1er du Monténégro
0%
Marie de Hohenzollern Othon 1er de Bavière
0%
Aucun quiz correspondant
Distribution des résultats
% des personnes avec chaque résultat
Percentile par nombre de réponses
Votre historique - résultats
Vous n’avez pas pris ce quiz